Thực trạng kỹ năng giải quyết tình huống sư phạm của giáo viên một số trường trung học cơ sở trên địa bàn quận Thanh Khê - Thành phố Đà Nẵng
Cơ sở lý luận của vấn đề nghiên cứu: Tổng quan các vấn đề nghiên cứu. Lý luận chung về giao tiếp...Tổ chức nghiên cứu và phương pháp nghiên cứu. Kết quả nghiên cứu.
Bewaard in:
| Hoofdauteur: | |
|---|---|
| Andere auteurs: | |
| Formaat: | Boek |
| Taal: | Vietnamese |
| Gepubliceerd in: |
Đà Nẵng
Đại học Sư phạm
2011
|
| Onderwerpen: | |
| Tags: |
Voeg label toe
Geen labels, Wees de eerste die dit record labelt!
|
| Thư viện lưu trữ: | Mạng thư viện Đại học Đà Nẵng |
|---|
| LEADER | 01629nam a2200349 4500 | ||
|---|---|---|---|
| 001 | 000012327 | ||
| 003 | 8621 | ||
| 005 | 20120217140233.0 | ||
| 008 | 120217s2011 viesd | ||
| 041 | |a vie | ||
| 072 | |a Khóa luận tốt nghiệp | ||
| 082 | |a 153.6071 |b ĐA-H | ||
| 100 | |a Đặng, Thị Bích Hoàn |e Tác giả | ||
| 245 | |a Thực trạng kỹ năng giải quyết tình huống sư phạm của giáo viên một số trường trung học cơ sở trên địa bàn quận Thanh Khê - Thành phố Đà Nẵng |c Đặng Thị Bích Hoàn | ||
| 260 | |a Đà Nẵng |b Đại học Sư phạm |c 2011 | ||
| 300 | |a 82 tr. |c 29 cm | ||
| 500 | |a Khóa luận tốt nghiệp khoa Tâm lý - giáo dục. Chuyên ngành: Cử nhân tâm lý | ||
| 520 | |a Cơ sở lý luận của vấn đề nghiên cứu: Tổng quan các vấn đề nghiên cứu. Lý luận chung về giao tiếp...Tổ chức nghiên cứu và phương pháp nghiên cứu. Kết quả nghiên cứu. | ||
| 653 | |a Tình huống sư phạm | ||
| 653 | |a Giáo viên | ||
| 653 | |a Trung học cơ sở | ||
| 700 | |a Phạm Thị Mơ |c Th.S |e Hướng dẫn | ||
| OWN | |a LSP | ||
| AVA | |a UDN50 |b LSP |d 153.6071 ĐA-H |e available |t Error 5001 Not defined in file expand_doc_bib_avail. |f 1 |g 0 |h N |i 0 |k 1 | ||
| 999 | |a From the UDN01 | ||
| AVA | |a UDN50 |b LSP |d 153.6071 ĐA-H |e available |t Error 5001 Not defined in file expand_doc_bib_avail. |f 1 |g 0 |h N |i 0 |k 1 | ||
| TYP | |a Monograph | ||
| TYP | |a Printed language | ||
| 980 | |a Mạng thư viện Đại học Đà Nẵng | ||